TB. OF MEDICAL BIOCHEMISTRY (Record no. 1268)

MARC details
000 -LEADER
fixed length control field 00345nam a2200145Ia 4500
008 - FIXED-LENGTH DATA ELEMENTS--GENERAL INFORMATION
fixed length control field 150201s2011 xx 000 0 und d
082 ## - DEWEY DECIMAL CLASSIFICATION NUMBER
Classification number 612.015
Item number M11D
100 ## - MAIN ENTRY--PERSONAL NAME
Personal name DINESH PURI
245 ## - TITLE STATEMENT
Title TB. OF MEDICAL BIOCHEMISTRY
250 ## - EDITION STATEMENT
Edition statement 3RD
260 ## - PUBLICATION, DISTRIBUTION, ETC. (IMPRINT)
Name of publisher, distributor, etc. ELSEVIER
Place of publication, distribution, etc. DELHI
Date of publication, distribution, etc. 2011
300 ## - PHYSICAL DESCRIPTION
Extent 1-715
650 ## - SUBJECT ADDED ENTRY--TOPICAL TERM
Topical term or geographic name as entry element BIOCHEMISTRY
942 ## - ADDED ENTRY ELEMENTS (KOHA)
Source of classification or shelving scheme Dewey Decimal Classification
Koha item type Books
Koha issues (borrowed), all copies 15
Holdings
Withdrawn status Lost status Source of classification or shelving scheme Damaged status Not for loan Collection code Home library Current library Shelving location Date acquired Source of acquisition Cost, normal purchase price SGTU Bill Number Total Checkouts Full call number Barcode Date last seen Date last checked out Bill Date Koha item type
    Dewey Decimal Classification     MEDICAL SGT Medical Library SGT Medical Library Text Book 11/11/2011 UBS 560.00 SGTU 518 12 612.015 M11D FM4815 24/04/2026 10/04/2026 18/11/2011 Books
    Dewey Decimal Classification     MEDICAL SGT Medical Library SGT Medical Library Text Book 11/11/2011 UBS 560.00 SGTU 518   612.015 M11D FM4816 09/02/2015   18/11/2011 Books
    Dewey Decimal Classification     MEDICAL SGT Medical Library SGT Medical Library Text Book 11/11/2011 UBS 560.00 SGTU 518 8 612.015 M11D FM4817 11/12/2023 04/12/2023 18/11/2011 Books
    Dewey Decimal Classification     MEDICAL SGT Medical Library SGT Medical Library Text Book 11/11/2011 COMP   SGTU   5 612.015 M11D FM4857 19/01/2023 12/01/2023 18/11/2011 Books